Khám lâm sàng thần kinh

Spremljeno u:
Bibliografski detalji
Glavni autor: Lê Xuân Trung
Format: Knjiga
Jezik:Undetermined
Izdano: Hà Nội Y học 1978
Teme:
Oznake: Dodaj oznaku
Bez oznaka, Budi prvi tko označuje ovaj zapis!
Thư viện lưu trữ: Trung tâm Học liệu Trường Đại học Cần Thơ
LEADER 00476nam a2200169Ia 4500
001 CTU_11912
008 210402s9999 xx 000 0 und d
082 |a 616.89 
082 |b Tr513 
100 |a Lê Xuân Trung 
245 0 |a Khám lâm sàng thần kinh 
245 0 |c Lê Xuân Trung 
260 |a Hà Nội 
260 |b Y học 
260 |c 1978 
650 |a nervous systems - diseases - diagnosis 
980 |a Trung tâm Học liệu Trường Đại học Cần Thơ